| 000 | 02167nam a22005177a 4500 | ||
|---|---|---|---|
| 003 | CHAP | ||
| 005 | 20220329135158.0 | ||
| 008 | 971013s1885 r 00010 d | ||
| 010 | _a32213 | ||
| 011 | _a33185 | ||
| 035 | _a37300 | ||
| 040 | _cCHAP | ||
| 082 |
_a630.3 _bL6 |
||
| 100 | 0 | 0 |
_aLópez Martínez, Miguel. _968091 |
| 245 | _aDiccionario enciclopédico de agricultura, ganadería e industrias rurales | ||
| 260 |
_aMadrid : _bViuda e hijos de D.J. Cuesta Editores, _c1885-89 |
||
| 300 |
_a8 v. _b: ilus. |
||
| 590 |
_aBATCH-UPD _b10 _c20130110 _lUCH01 _h0049 |
||
| 590 |
_aBATCH-UPD _b10 _c20130110 _lUCH01 _h2017 |
||
| 590 |
_aBATCH-UPD _b10 _c20130409 _lUCH01 _h2036 |
||
| 590 |
_aBATCH-UPD _b10 _c20130410 _lUCH01 _h1336 |
||
| 590 |
_aBATCH-UPD _b10 _c20130914 _lUCH01 _h1613 |
||
| 590 |
_aCONVERSION _b10 _c20130109 _lUCH01 _h1318 |
||
| 650 | 1 | 4 |
_aAgricultura _xDiccionarios. _91393 |
| 700 | 0 |
_aHidalgo Tablada, José de. _955205 |
|
| 700 | 0 |
_aPrieto y Prieto, Manuel. _991618 |
|
| 901 | _aBK | ||
| 942 | _cLIBRO | ||
| 949 |
_a630.3 L6 _bBC _cBPP _d-85436 _eBPP _fv.1 _h19387 _i37300 _si |
||
| 949 |
_a630.3 L6 _bBC _cBPP _d-90997 _eBPP _fv.2 _h19388 _i37300 _si |
||
| 949 |
_a630.3 L6 _bBC _cBPP _d-90999 _eBPP _fv.3 _h19389 _i37300 _si |
||
| 949 |
_a630.3 L6 _bBC _cBPP _d-91000 _eBPP _fv.4 _h19390 _i37300 _si |
||
| 949 |
_a630.3 L6 _bBC _cBPP _d-91001 _eBPP _fv.5 _h19391 _i37300 _si |
||
| 949 |
_a630.3 L6 _bBC _cBPP _d-91003 _eBPP _fv.6 _h19392 _i37300 _si |
||
| 949 |
_a630.3 L6 _bBC _cBPP _d-91004 _eBPP _fv.7 _h19393 _i37300 _si |
||
| 949 |
_a630.3 L6 _bBC _cBPP _d-91005 _eBPP _fv.8 _h27258 _i37300 _si |
||
| 949 |
_a630.3 L6 _bBC _cBPP _d-91009 _eBPP _fv.9 _h19394 _i37300 _si |
||
| 949 |
_a630.3 L6 _bBC _cBPP _d-91010 _eBPP _fv.1 c.2 _i37300 _si |
||
| 949 |
_a630.3 L6 _bBC _cBPP _d-91011 _eBPP _fv.2 c.2 _i37300 _si |
||
| 949 |
_a630.3 L6 _bBC _cBPP _d-91013 _eBPP _fv.3 c.2 _i37300 _si |
||
| 949 |
_a630.3 L6 _bBC _cBPP _d-91015 _eBPP _fv.4 c.2 _i37300 _si |
||
| 949 |
_a630.3 L6 _bBC _cBPP _d-91016 _eBPP _fv.5 c.2 _i37300 _si |
||
| 949 |
_a630.3 L6 _bBC _cBPP _d-91017 _eBPP _fv.6 c.2 _i37300 _si |
||
| 949 |
_a630.3 L6 _bBC _cBPP _d-91019 _eBPP _fv.7 c.2 _i37300 _si |
||
| 949 |
_a630.3 L6 _bBC _cBPP _d-91022 _eBPP _fv.8 c.2 _i37300 _si |
||
| 999 |
_c32213 _d32213 |
||